[Event "Opera Euro Rapid Prelims 2021"]
[Site "Online"]
[Date "2021.02.03"]
[Round "4.1"]
[White "Dubov, Daniil"]
[Black "Nepomniachtchi, Ian"]
[Result "1/2-1/2"]
[WhiteElo "2710"]
[BlackElo "2789"]
[Annotator "TA"]
[PlyCount "162"]
[EventDate "2021.02.02"]
[EventType "tourn"]
[EventCountry "NET"]
[SourceTitle "playchess.com"]
[Source "ChessBase"]
[SourceQuality "1"]

{[%evp 12,162,8,1,24,32,27,23,25,0,12,0,0,-39,-39,-37,-46,-54,-40,-54,-43,-82,-89,-103,-104,-97,-97,-124,-63,-69,0,0,0,0,25,25,24,24,25,16,30,0,0,0,0,0,17,0,190,187,178,174,169,167,123,95,104,0,0,0,76,81,83,50,402,402,402,402,486,483,450,288,244,137,134,131,134,133,131,127,131,83,143,129,150,117,128,125,135,131,122,118,118,108,138,138,128,128,131,0,0,0,0,0,0,0,0,0,0,0,0,0,0,0,0,0,0,0,0,0,0,0,0,0,0,0,0,0,0,0,0,0,0,0,0,0,0,0,0,0,0,-9,0,-9,0,0,0,0,0,-13,0,0,8]} 1. e4 c5 2. Nf3 d6 3. d4 cxd4 4. Nxd4 Nf6 5. Nc3 a6 6. f4 e5 7. Nb3 Be7 {B93: Sicilian Najdorf: 6 f4.} 8. fxe5 dxe5 9. Qxd8+ Bxd8 {[#] White has an edge.} 10. Bg5 $146 ({Predecessor:} 10. Be3 Nbd7 11. Be2 Bb6 12. Bxb6 Nxb6 13. O-O-O Bg4 14. Rd6 Nbd7 15. Bxg4 Nxg4 16. Nd5 {½-½ (29) Hulak,K (2525)-Pavlov,M (2380) Moscow (Russia) 1977}) 10... Nbd7 11. a4 h6 12. Bh4 {[#]} (12. Be3 {keeps more tension.} b6 13. Bd3 Bb7 14. O-O-O Be7 15. Rhf1) 12... Nxe4 $1 13. Bxd8 Nxc3 14. Bc7 Nd5 15. Bd6 Ne3 16. Bd3 Nxg2+ 17. Kd2 Nf4 18. Rag1 g6 19. a5 Nxd3 ({Better is} 19... f5 $17 20. Re1 Nxd3 21. cxd3 Kf7 22. Bxe5 Nxe5 23. Rxe5 Bd7) 20. cxd3 $15 b6 (20... Rg8 $15) 21. Rc1 $11 Bb7 22. Rhe1 {Strongly threatening Rc7.} bxa5 23. Rc7 Bg2 24. Nc5 Nxc5 25. Bxc5 f6 26. Rc1 Bh3 27. Re7+ Kd8 28. Rg7 Rc8 29. d4 exd4 $2 (29... Bf5 $11 {and Black has nothing to worry.}) 30. Bb6+ $1 $18 Ke8 31. Re1+ Kf8 32. Ree7 Be6 33. Ra7 g5 34. Bxd4 (34. Rge7 $16 Bf5 35. Rf7+ Kg8 36. Rg7+ Kf8 37. Rgf7+ Kg8 38. Rg7+ Kf8 39. Rgf7+) 34... Rg8 $1 $11 {[%cal Rg8g7]} 35. Rge7 Bb3 (35... Ba2 $11 {remains equal.}) 36. Reb7 $1 $16 Be6 37. Rxa6 Bf7 {[%mdl 8192]} (37... Rd8 $14 38. Ke3 Rd7) 38. Rxf6 $18 {[%mdl 64] Double Attack} Rg7 39. Rxh6 {[%mdl 64] Discovered Attack} Rg6 40. Rh7 Bd5 41. Rbd7 Be6 {[#]} 42. Bg7+ (42. Ra7 $1 $18) 42... Ke8 $16 43. Ra7 {White threatens Rh8+ and mate.} Rd8+ 44. Ke3 {White wants to mate with Rh8+.} Rd7 {[#]} 45. Ra8+ Ke7 46. Rxa5 Bf7 ({Black should try} 46... Kd6) 47. Be5 Re6 48. Rg7 Rb7 49. Kf2 Rc6 50. Bc3 Rh6 51. Kg3 ({Don't take} 51. Rgxg5 Rxh2+ 52. Ke3 Rh3+ 53. Kf2 Rh2+ 54. Kg3 Rhxb2 $14) 51... Rd7 52. Re5+ Kf8 53. Rgxg5 Rd3+ 54. Kf4 {aiming for Bb4+.} Be6 {( -> ...Rh4+)} 55. Re2 (55. Rh5 $16 Rxh5 56. Rxh5) 55... Rh4+ $11 {The position is equal.} 56. Ke5 Rd5+ 57. Kxe6 {Threatening mate with Rf2+.} Rxg5 {[%mdl 4096] Endgame KRR-KRB} 58. Bf6 Rg6 {And now ...Rf4 would win.} 59. Rd2 {[%cal Rd2d8]} Re4+ 60. Kf5 Reg4 61. Ke6 {[%cal Rd2d8]} Re4+ $1 62. Kf5 Reg4 $1 63. h4 (63. b4 {is interesting.} Rg2 64. Rd8+ Kf7 65. Rd7+ Kg8 66. b5) 63... Rg2 64. Rd8+ Kf7 65. Rd7+ Ke8 66. Rd8+ Kf7 67. Rd7+ Ke8 68. Rb7 Rh6 {Hoping for ...Rf2+.} 69. Bg5 Rf2+ 70. Kg4 Re6 71. Kh5 Rf7 72. Rb8+ Kd7 73. Rd8+ Kc6 74. Rd4 Kc5 75. Ra4 Rb7 (75... Rf2 {with more complications.} 76. b3 Rf8 77. Kg4 Re1 78. Rf4 Rg1+) 76. Ra2 Kc4 77. Kg4 Kb3 78. Ra3+ Kxb2 79. Re3 Rb4+ 80. Kh5 Rxe3 81. Bxe3 Kc2 {Black escapes into a draw.  Weighted Error Value: White=0.16/Black=0.32} 1/2-1/2

[Event "Opera Euro Rapid Prelims 2021"]
[Site "Online"]
[Date "2021.02.03"]
[Round "4.2"]
[White "Nakamura, Hikaru"]
[Black "Giri, Anish"]
[Result "1-0"]
[WhiteElo "2736"]
[BlackElo "2764"]
[Annotator "TA"]
[PlyCount "119"]
[EventDate "2021.02.02"]
[EventType "tourn"]
[EventCountry "NET"]
[SourceTitle "playchess.com"]
[Source "ChessBase"]
[SourceQuality "1"]

{[%evp 15,119,14,25,5,16,14,11,11,11,10,10,16,10,14,14,14,20,12,16,20,22,13,15,14,14,18,25,0,0,0,0,0,0,0,0,0,18,6,6,23,66,66,66,66,66,66,66,66,66,66,106,106,106,106,106,89,106,99,106,70,108,106,106,95,106,106,108,106,107,103,105,102,166,147,139,139,240,240,205,130,122,122,122,0,122,0,272,268,258,268,239,239,232,232,234,214,214,170,178,117,360,378,385,394,29968,29947]} 1. e4 e5 2. Nf3 Nc6 3. Bb5 Nf6 4. O-O Nxe4 5. Re1 Nd6 6. Nxe5 Be7 7. Bf1 Nxe5 8. Rxe5 O-O 9. Nc3 {C67: Ruy Lopez: Berlin Defence: 4 0-0 Nxe4.} Ne8 10. Nd5 Bd6 11. Re1 {The position is equal.} c6 12. Ne3 Be7 13. c4 Nc7 14. d4 d5 15. cxd5 Bb4 16. Bd2 Bxd2 17. Qxd2 $5 {[%mdl 4] Leaves trodden paths.} Nxd5 18. Nxd5 Qxd5 19. Re5 Qd6 20. Bc4 Bd7 21. Rae1 b5 22. Bb3 a5 {[%cal Ba7a5,Ba5a4][%mdl 32]} 23. a3 a4 24. Ba2 Rae8 25. Qc3 (25. h3 {feels hotter.} Rxe5 26. Rxe5 h6 27. g4 Rd8 28. Qc3) 25... Rxe5 26. dxe5 Qe7 27. Rd1 {[#]} Be6 $146 ({Predecessor:} 27... Bf5 28. Rd6 Rd8 29. Qd2 Rxd6 30. exd6 Qf6 31. h3 g6 32. f4 Bd7 33. Bb1 c5 {½-½ (41) Nakamura,H (2736)-So,W (2770) chess24.com INT 2020}) 28. Bxe6 Qxe6 $14 {[%mdl 4096] Endgame KQR-KQR} 29. Rd6 $36 {[%mdl 2048] White has some pressure.} Qf5 30. Rxc6 Rd8 {( -> ...Rd1+)} 31. h3 h6 32. Qe1 Rd5 33. e6 fxe6 34. Rxe6 (34. Qxe6+ Qxe6 35. Rxe6 Rd2 $15) 34... Rd4 35. Re2 Kh7 36. Re7 Rc4 37. Re5 (37. Qe3 {is interesting.} Qd5 38. Qg3 Qd1+ 39. Kh2 Qd4 40. Re6) 37... Qf4 {Threatens to win with ...Rc1.} 38. Qb1+ ({Avoid the trap} 38. Rxb5 $2 Rc1 $19) 38... Kg8 39. Re1 Rc8 40. Qd1 Kh8 41. g3 Qf5 42. Kg2 Rc2 43. Qd4 Kh7 (43... Qf8 $16 {was called for.}) 44. Re7 {[%csl Ge7][%cal Rd4g7]} Qg6 45. h4 {Threatening mate with h5.} Qc6+ (45... Rc4 $16 46. Qd7 Rc5) 46. Kh2 $18 {[%csl Ge7][%cal Rd4g7]} Qg6 47. Re5 {Hoping for h5.} Qf6 48. Qd3+ Qg6 49. Qd4 {And now h5 would win.} ({Don't go for} 49. Qxb5 $2 Rxf2+ 50. Kh3 Rf3 $19) 49... Qf6 $1 {[%cal Rf6f2]} 50. Kg1 (50. Qe4+ $16 Qg6 51. Qxg6+ Kxg6 52. h5+ (52. Rxb5 Rxf2+ 53. Kh3 Kf7 $16) 52... Kf7 53. Rxb5) 50... Rc1+ $2 {[%mdl 8192]} (50... Qf3 $11 {and Black is okay.} 51. Rc5 Re2) 51. Kg2 Qc6+ 52. Qd5 Qxd5+ 53. Rxd5 {KR-KR} b4 54. axb4 Rc4 {[#]} 55. Rb5 Rd4 56. h5 Kg8 57. Rb7 ({White should play} 57. Kh3 $18) 57... Kh7 $2 (57... Kf8 $16 {was necessary.} 58. b5 Rd2) 58. Rb8 Rd5 59. Ra8 Rxh5 $2 {[#]} (59... Rb5 $18 60. Rxa4 Rb7) 60. Ra5 $1 {[%cal Ra5h5] Weighted Error Value: White=0.11/Black=0.34} 1-0

[Event "Opera Euro Rapid Prelims 2021"]
[Site "Online"]
[Date "2021.02.03"]
[Round "4.3"]
[White "Vidit, Santosh Gujrathi"]
[Black "Grischuk, Alexander"]
[Result "1/2-1/2"]
[WhiteElo "2726"]
[BlackElo "2777"]
[Annotator "TA"]
[PlyCount "89"]
[EventDate "2021.02.02"]
[EventType "tourn"]
[EventCountry "NET"]
[SourceTitle "playchess.com"]
[Source "ChessBase"]
[SourceQuality "1"]

{[%evp 21,89,1,12,5,12,7,17,8,13,22,26,20,19,11,12,14,16,16,14,7,15,7,20,13,25,14,21,12,10,0,17,8,10,10,30,4,7,7,5,0,0,0,0,0,0,0,0,0,0,0,0,0,0,0,0,0,0,0,0,0,0,0,0,0,0,0,0,0,0,0]} 1. c4 Nf6 2. g3 e6 3. Bg2 d5 4. Nf3 Be7 5. d4 O-O 6. O-O dxc4 7. Qc2 a6 8. a4 Bd7 9. Qxc4 Bc6 10. Bg5 Nbd7 11. Nc3 h6 12. Bxf6 {E05: Open Catalan: 5 Nf3 Be7.} Nxf6 13. Rfd1 a5 14. e3 Bb4 {[#]} 15. Ne5 $146 ({Predecessor:} 15. Qe2 Qe7 16. Qc2 Rfd8 17. Rac1 Nd7 18. Ne1 Bxg2 19. Kxg2 c6 20. Nd3 Bd6 21. Ne4 {½-½ (37) Giri,A (2776)-Aronian,L (2772) Bucharest 2019}) 15... Bxg2 16. Kxg2 Qe7 17. Nd3 (17. Qe2 {with more complications.} Rfd8 18. Nc4 c5 19. Nb5 cxd4 20. Nxd4 Rac8 21. Nb5) 17... Rfc8 18. Nxb4 (18. b3 {is interesting.} b6 19. Ne5 c5 20. Nb5 cxd4 21. Qxd4 Qb7+ 22. Kg1) 18... Qxb4 19. b3 Qe7 20. e4 Rd8 21. Rac1 Rac8 22. f3 Rd7 23. Ne2 c6 24. Rd2 Qd8 25. Rcd1 Qb6 26. Qc3 Rcd8 27. h4 Qc7 28. Qc5 b6 {The position is equal.} 29. Qc3 c5 30. dxc5 Rxd2 31. Rxd2 Rxd2 32. Qxd2 Qxc5 33. Nf4 (33. Qd8+ {seems wilder.} Kh7 34. Qd3 Kg8 35. Qd2 Qc7 36. Nc3) 33... Qc7 34. Nd3 Nd7 35. h5 Kf8 36. g4 Ke7 37. g5 hxg5 38. Qxg5+ {[%mdl 64] [#] Double Attack} Kf8 39. h6 gxh6 40. Qxh6+ Ke7 {White must now prevent ...Qc2+.} 41. Qg5+ Ke8 42. Qd2 Ke7 43. Qg5+ Ke8 44. Qd2 Ke7 45. Qg5+ {Not much happened in this game.  Weighted Error Value: White=0.04/Black=0.03} 1/2-1/2

[Event "Opera Euro Rapid Prelims 2021"]
[Site "Online"]
[Date "2021.02.03"]
[Round "4.4"]
[White "Radjabov, Teimour"]
[Black "Duda, Jan-Krzysztof"]
[Result "1/2-1/2"]
[WhiteElo "2765"]
[BlackElo "2743"]
[Annotator "TA"]
[PlyCount "127"]
[EventDate "2021.02.02"]
[EventType "tourn"]
[EventCountry "NET"]
[SourceTitle "playchess.com"]
[Source "ChessBase"]
[SourceQuality "1"]

{[%evp 9,127,27,41,-8,8,0,0,0,3,10,10,13,17,15,24,6,10,1,7,0,13,0,5,0,2,0,0,0,0,0,0,0,0,0,0,2,6,0,0,0,8,8,8,8,8,0,0,0,8,7,25,25,25,25,25,25,25,25,25,25,25,25,25,25,25,25,25,25,25,25,25,25,25,25,25,25,25,0,25,25,25,25,25,25,25,25,25,25,25,25,25,25,25,0,25,23,23,23,23,23,23,23,23,23,23,23,23,23,23,23,23,23,23,23,23,0,23,0,23,0]} 1. Nf3 Nf6 2. c4 e6 3. Nc3 d5 4. d4 c5 5. cxd5 Nxd5 6. Bd2 {D41: Queen's Gambit Declined: Semi-Tarrasch with 5 cxd5.} Nc6 7. dxc5 Bxc5 8. e3 {The position is equal.} Nxc3 9. Bxc3 Qxd1+ 10. Rxd1 {[#]} Bb4 $146 ({Predecessor:} 10... O-O 11. Be2 Nb4 12. a3 Nd5 13. Bd4 Bxd4 14. Nxd4 Bd7 15. O-O g6 {0-1 (42) Ruffer,V (1632)-Portych,V (1826) Rychnov 2010}) 11. Bxb4 Nxb4 12. Bb5+ Ke7 13. a3 a6 14. Be2 Nc6 15. Ng5 h6 16. Ne4 Rd8 17. Rc1 Bd7 18. Nc5 Be8 19. f4 a5 20. Rc2 b6 21. Ne4 Rdc8 22. Kf2 Na7 23. Rd2 Rd8 24. Rhd1 Ba4 (24... Rxd2 {seems wilder.} 25. Rxd2 f6 26. Rc2 Rd8 27. Nd2 Rc8) 25. Rxd8 Rxd8 26. Rxd8 Kxd8 $11 {[%mdl 4096] Endgame KBN-KBN} 27. Nd6 f6 28. e4 Bb3 29. Ke3 Nc8 30. Nxc8 Kxc8 {KB-KB} 31. Kd4 Kd7 32. e5 f5 33. h4 Ke7 34. Bf3 Ba4 35. Kc4 Be8 36. b4 axb4 37. Kxb4 Bd7 38. g3 Be8 39. Be2 Bc6 40. Bb5 Bf3 41. Ba4 {[#] aiming for Kb5.} Bh5 42. Bc6 {Threatens to win with Kb5.} Be2 43. Bb5 Bf3 44. Bc4 {Strongly threatening Kb5.} Bc6 $1 45. Be2 Be8 46. Bd1 h5 47. Be2 Kd8 $1 48. Bc4 Bd7 49. Bb3 Kc7 50. Bd1 Be8 51. Be2 Kd8 52. a4 Kc7 53. a5 bxa5+ 54. Kxa5 Kd8 55. Kb6 Ke7 56. Kc5 Bf7 57. Bb5 g6 58. Kb6 Bg8 59. Kc7 Bf7 60. Bc6 Bg8 $1 61. Bd7 Bf7 62. Bc6 Bg8 $1 63. Bd7 Bf7 64. Bc6 {Not much happened in this game. Accuracy: White = 98%, Black = 100%.} 1/2-1/2

[Event "Opera Euro Rapid Prelims 2021"]
[Site "Online"]
[Date "2021.02.03"]
[Round "4.5"]
[White "Ding, Liren"]
[Black "Dominguez Perez, Leinier"]
[Result "1-0"]
[WhiteElo "2791"]
[BlackElo "2758"]
[Annotator "TA"]
[PlyCount "101"]
[EventDate "2021.02.02"]
[EventType "tourn"]
[EventCountry "NET"]
[SourceTitle "playchess.com"]
[Source "ChessBase"]
[SourceQuality "1"]

{[%evp 10,101,6,-6,0,-2,-6,-4,-10,-10,-9,-15,-9,-9,-5,-67,0,-20,-12,-25,-18,-26,-29,-147,-20,-52,-11,-18,-20,-14,-8,-16,-17,-8,80,69,92,94,89,93,81,79,133,59,54,61,154,155,164,153,164,145,139,137,124,0,180,187,218,216,277,273,247,257,312,254,423,414,426,436,399,332,335,332,335,304,681,331,364,329,514,492,958,955,940,935,845,808,1364,1160,29978,29979,29971,29972]} 1. c4 {Morgado,Juan Sebastian} c5 2. g3 g6 3. Bg2 Bg7 4. Nc3 Nc6 5. a3 b6 6. b4 {Black must now prevent b5.} Bb7 {A36: Symmetrical English vs ...g6: 4 Bg2 Bg7.} 7. Bb2 d6 8. b5 Na5 {The position is equal.} 9. Bxb7 Nxb7 10. Nf3 {[#]} e6 $146 ({Predecessor:} 10... Nf6 11. O-O O-O 12. Qc2 d5 13. Nxd5 Nxd5 14. Bxg7 Kxg7 15. cxd5 Qxd5 16. a4 f6 17. Rfd1 Nd6 18. d4 Rfc8 19. dxc5 Qxc5 20. Qb3 Qc4 21. Qb2 {½-½ (21) Hellbing,B (2424)-Nebel,U (2469) IECG email 2007 Telechess CBM 127 [Morgado,Juan Sebastian]}) 11. Qc2 Nf6 12. h4 (12. e3 $11) 12... h5 (12... d5 $15) 13. Ne4 d5 14. Neg5 O-O 15. Ne5 Nd6 16. g4 (16. a4 $11) 16... d4 (16... Nxg4 17. Nxg6 Bxb2 18. Ne7+ Kg7 19. Nc6 $14) ({Much less strong is} 16... hxg4 17. h5 $15) (16... Nxc4 $1 $17 17. Nxc4 (17. Nexf7 $2 Rxf7 18. Qxg6 Rd7 $19) 17... dxc4 18. gxh5 Qd5) 17. gxh5 $11 Nxh5 18. Nxg6 fxg6 ({But not} 18... d3 $2 19. Qxd3 Nf5 20. Bxg7 $18 (20. Nxf8 Qxd3 21. exd3 Bxb2 $11)) 19. Qxg6 {[%csl Gg5][%cal Rg6h7][%mdl 64] Double Attack} Nf6 20. Nxe6 {[%csl Ge6][%cal Rg6g7]} Qe7 21. Nxf8 $40 {[%mdl 128] Black needs to defend precisely.} Rxf8 (21... Re8 $11 {remains equal.} 22. O-O-O Nxc4) 22. d3 $16 Re8 {[%csl Ge8][%cal Re7e2]} 23. O-O-O Qf7 24. Qxf7+ Kxf7 25. Rde1 Nf5 (25... Ng4 $142) 26. Kd1 (26. Rh3 $16) 26... Ng4 $14 27. Ref1 Bh6 ({Black should try} 27... Bf6 $1 $14) 28. h5 $16 Bf4 29. Rh3 {Strongly threatening Rf3.} Bh6 30. Rf3 Ke6 {White should prevent ...Nh2.} 31. Rh1 Rg8 {[#]} 32. Bc1 (32. Ke1 $1 $16) 32... Bxc1 $2 {White leaves nothing to chance now.} (32... Ne5 $11 {and Black is okay.}) 33. Kxc1 $18 Ngh6 34. Kd2 Rg4 35. a4 {[%cal Ba3a4,Ba4a5,Ba5a6][%mdl 32]} Nf7 {[#] intending ...Ng5.} 36. Rfh3 $1 N7h6 37. R3h2 Kd6 $2 (37... Rg7 38. a5 Ke5 39. axb6 axb6) 38. a5 Kc7 39. Ra1 Kb7 40. a6+ Kc7 41. Rf1 Kd6 42. Rhh1 Rg2 $2 (42... Rf4 43. Rhg1 Ne7) 43. Ke1 (43. Rhg1 $142 Rh2 44. Rg6+ Kc7 45. Rc6+ Kb8 46. Rg1) 43... Rg7 44. Rfg1 {And now Rxg7 would win.} Re7 (44... Rh7 {was worth a try.} 45. Rg6+ Kd7) 45. Rg6+ Re6 (45... Kd7 $142 46. Kd2 Rh7) 46. Rhg1 Ne7 47. Rxe6+ Kxe6 48. e3 Nhf5 49. e4 Nh4 50. Ke2 Kf6 51. Rg4 {Weighted Error Value: White=0.29/Black=0.63} 1-0

[Event "Opera Euro Rapid Prelims 2021"]
[Site "Online"]
[Date "2021.02.03"]
[Round "4.6"]
[White "Carlsen, Magnus"]
[Black "Shankland, Sam"]
[Result "1-0"]
[WhiteElo "2862"]
[BlackElo "2691"]
[Annotator "TA"]
[PlyCount "65"]
[EventDate "2021.02.02"]
[EventType "tourn"]
[EventCountry "NET"]
[SourceTitle "playchess.com"]
[Source "ChessBase"]
[SourceQuality "1"]

{[%evp 9,65,8,15,-19,-6,-31,0,-33,0,5,33,31,26,17,13,8,43,43,82,80,79,72,85,60,68,65,68,60,68,60,89,68,232,235,226,222,299,235,225,219,235,222,355,344,513,511,528,521,506,508,798,799,1012,988,1076,1056,1695,1502]} 1. c4 c6 2. Qa4 Nf6 3. Nf3 g6 4. d4 Bg7 5. Nc3 O-O 6. Bf4 {A11: English Opening: 1...c6.} d6 {[#]} 7. h3 $146 ({Predecessor:} 7. e3 Nbd7 8. Be2 Re8 9. O-O-O Qb6 10. h3 e5 11. c5 dxc5 12. dxe5 Nh5 13. g4 Nxf4 14. exf4 {1-0 (44) Gorbatov,A (2377)-Kolesar,M (2211) Marianske Lazne 2010}) 7... Nbd7 8. Rd1 {The position is equal.} c5 {Strongly threatening ...cxd4.} 9. e3 cxd4 10. exd4 e5 11. dxe5 dxe5 12. Be3 (12. Nxe5 $2 Qe8 $19) 12... e4 13. Nd4 Qe7 14. Be2 Nc5 15. Qc2 Bd7 16. O-O Rac8 17. Ndb5 Bxb5 18. Nxb5 a6 19. Nd6 Rc6 {[#]} 20. b4 $1 Ncd7 {This move loses the game for Black.} (20... Nd3 $1 $14 21. Nxe4 Nxe4 22. Rxd3 (22. Bxd3 Nc3 $14) 22... Qxb4) 21. c5 $18 ({Don't do} 21. Nxb7 $6 Qxb4 22. Rb1 Qe7 $16) 21... b6 {If only Black now had time for ...bxc5....} 22. Qa4 Nb8 23. Rd2 Nfd7 {[%cal Rb6c5] [#]} 24. Nxe4 {[%mdl 512]} Re6 {[#]} 25. Bg5 $1 f6 {[#]} (25... Nf6 $142) 26. Bc4 $1 {Black must now prevent Rd6.} Kh8 (26... b5 {was worth a try.}) 27. Bxe6 {White is clearly winning.} Qxe6 28. Be3 Qxe4 29. Rxd7 b5 (29... Qe8 $142 30. c6 (30. cxb6 Nxd7 31. Qxa6 f5 $16) 30... b5) 30. Qd1 ({Not} 30. Rd4 $2 {[#]} Qxd4 $3 {[%mdl 512]} 31. Qc2 Qe5 $19) 30... Nxd7 31. Qxd7 f5 32. c6 Be5 33. c7 {Weighted Error Value: White=0.10/Black=0.46} 1-0

[Event "Opera Euro Rapid Prelims 2021"]
[Site "Online"]
[Date "2021.02.03"]
[Round "4.7"]
[White "Vachier-Lagrave, Maxime"]
[Black "Bluebaum, Matthias"]
[Result "1/2-1/2"]
[WhiteElo "2784"]
[BlackElo "2670"]
[Annotator "TA"]
[PlyCount "134"]
[EventDate "2021.02.02"]
[EventType "tourn"]
[EventCountry "NET"]
[SourceTitle "playchess.com"]
[Source "ChessBase"]
[SourceQuality "1"]

{[%evp 15,134,10,18,11,25,22,29,26,32,-29,-18,-46,-37,-41,-39,-58,-54,-45,-38,-58,-56,-58,-45,-69,-77,-69,-79,-101,-36,-37,-31,-54,-56,-49,-36,-48,-26,-43,-39,-54,-58,-69,0,0,5,0,0,0,0,0,0,0,0,0,0,0,150,14,13,-14,0,0,16,16,16,14,14,15,41,36,43,38,35,45,124,114,95,0,32,0,30,0,0,0,0,0,0,0,5,0,6,0,0,0,0,0,12,12,15,15,18,15,41,0,6,0,13,13,30,0,6,6,6,6,6,0,13,13,13,0,18]} 1. c4 e6 2. Nc3 d5 3. d4 Nf6 4. cxd5 exd5 5. Bg5 c6 6. e3 h6 7. Bh4 Be7 8. Bd3 O-O 9. Nge2 $1 {[%mdl 4] now scores much better than the old 9.Qc2. D35: Queen's Gambit Declined: Exchange Variation.} Re8 10. O-O a5 {[#]} 11. Rc1 $146 {White has an edge.} ({Predecessor:} 11. Qd2 b6 12. Rac1 Ba6 13. Na4 Bxd3 14. Qxd3 Ne4 15. Bxe7 Rxe7 16. Ng3 Nxg3 17. hxg3 Re6 18. Rc2 Nd7 19. Rfc1 Qf6 20. Nc3 h5 {½-½ (20) Ramirez Alvarez,A (2516)-Murillo Tsijli,A (2352) San Jose 2004}) 11... Nh5 12. Bg3 ({Better is} 12. Bxe7 $14 Qxe7 13. Re1) 12... Nxg3 $11 13. hxg3 Nd7 14. Qc2 Nf6 15. Nf4 Bd6 16. Rfe1 Bd7 17. e4 dxe4 18. Nxe4 Nxe4 19. Bxe4 Qf6 20. d5 {[%cal Rd5c6]} c5 $1 21. a4 b5 (21... b6 $17) 22. axb5 $15 Bxb5 23. Bd3 Bd7 24. Ne2 h5 25. Nc3 h4 26. Ne4 {[#]} Rxe4 {[%mdl 64] Remove Defender} 27. Rxe4 (27. Bxe4 $2 hxg3 28. fxg3 Bxg3 $19) 27... hxg3 28. fxg3 Bxg3 (28... Qg5 $15 29. g4 Rb8) 29. Qxc5 $11 g6 ({Stronger than} 29... Rc8 30. Qxc8+ Qd8 31. Qxd8+ Kh7 32. Rh4#) 30. Qe3 Bd6 31. Rc2 a4 32. g3 a3 33. bxa3 Rxa3 34. Rf2 Qd8 35. Rh4 Qf8 (35... Be7 $11 36. Rh1 Bf5 37. Rxf5 (37. Qh6 Ra1+ 38. Bf1 Bf6 $11) 37... gxf5) 36. Kg2 ({Reject} 36. Qd4 Qg7 $11) (36. Rfh2 $1 $16 Ra1+ 37. Bf1) 36... Qg7 37. Re4 Qf8 {next ...Bc5 is good for Black.} 38. Rh4 Qg7 {[#]} 39. Qg5 $1 Qe5 40. Qxe5 Bxe5 41. Rd2 Bd6 42. Rc4 Kg7 43. Rcc2 Be5 44. Ra2 Rb3 {[#]} (44... Rc3 $1 $14) 45. Ra7 $1 $16 {[%cal Ra7d7]} Bc8 {[#]} 46. Ra8 (46. d6 $1 $16 {[%cal Rd6d7]} Rb7 47. Rxb7 Bxb7+ 48. Kh2 Bxd6 49. Bc4) 46... Bg4 47. Re8 Bc7 (47... Bd6 {is interesting.} 48. Re4 Bb4 49. Rc2 Bf5 50. Rxb4 Rxb4 51. Bxf5 gxf5 52. Rd2 Rb7) 48. Re4 Ba5 49. Ra2 Rxd3 50. Rxg4 Rxd5 $11 {[%mdl 4096] Endgame KRR-KRB} 51. Rc4 Bb6 52. Rc6 Rb5 53. Ra3 Bd4 54. Rd3 Rb4 55. Rc7 Ra4 56. Rd7 Bf6 57. Rb3 Ra2+ 58. Kf3 {aiming for Rbb7.} Ra5 59. g4 Ra8 60. Rbb7 Rf8 61. Kf4 {And now g5 would win.} Kg8 62. g5 Bc3 {The position is equal.} 63. Ke4 {Threatens to win with Kf4.} Ba1 64. Kd5 {Black must now prevent Ke4.} Bc3 65. Ke4 {Strongly threatening Ke3.} Ba1 66. Kd3 {Hoping for Ke3.} Be5 67. Ke4 Ba1 {Weighted Error Value: White=0.13/Black=0.13} 1/2-1/2

[Event "Opera Euro Rapid Prelims 2021"]
[Site "Online"]
[Date "2021.02.03"]
[Round "4.8"]
[White "So, Wesley"]
[Black "Aronian, Levon"]
[Result "1/2-1/2"]
[WhiteElo "2770"]
[BlackElo "2781"]
[Annotator "TA"]
[PlyCount "105"]
[EventDate "2021.02.02"]
[EventType "tourn"]
[EventCountry "NET"]
[SourceTitle "playchess.com"]
[Source "ChessBase"]
[SourceQuality "1"]

{[%evp 14,105,28,25,26,27,47,0,16,16,7,-28,0,0,31,0,0,0,0,0,60,60,77,50,48,46,81,81,75,74,73,56,68,47,69,0,7,-107,-109,-105,-104,-100,-77,-82,-100,-96,-38,-206,-195,-178,-208,-172,-191,-222,-154,-160,-159,-137,-105,-107,-107,-97,-106,-114,-20,-20,0,-40,-40,-56,8,8,8,8,8,8,8,8,8,8,8,8,8,8,8,8,8,8,8,8,8,8,8,8]} 1. d4 Nf6 2. c4 e6 3. Nc3 Bb4 4. Qc2 c5 5. dxc5 O-O 6. a3 Bxc5 7. Nf3 Nc6 8. Bg5 h6 {E39: Nimzo-Indian: Classical: 4...c5 5 dxc5 0-0.} 9. Bh4 Be7 10. O-O-O $5 {[%mdl 4] Leaves trodden paths.} b6 11. e4 Bb7 12. e5 Ne8 (12... Nh5 $5 {[%cal Re7h4]} 13. Bg3 Na5 $11) 13. Bg3 Rc8 14. Qd3 {[#]} f5 $146 ({Predecessor:} 14... Nb8 15. Kb1 a6 16. Nd4 Nc6 17. Nc2 Nb8 18. f3 f6 19. Qg6 fxe5 20. Bd3 Nf6 21. Bxe5 {1-0 (53) Schrancz,I (2424)-Goins,D (2363) IECG email 2002}) 15. Qxd7 Qxd7 16. Rxd7 Ba8 (16... Rc7 $11 17. Rxc7 Nxc7) 17. h4 $36 {[%mdl 2048] White has some pressure.} Rf7 18. Bf4 Na5 19. Nd2 Bg5 20. hxg5 Rxd7 21. gxh6 Nc7 22. hxg7 Rxg7 23. b4 Nc6 24. Nf3 (24. f3 $14) 24... b5 $11 25. cxb5 {[#]} (25. Bg5 $11) 25... Nxb4 $1 $17 {[%mdl 512] Threatens to win with ...Ncd5.} 26. Kb2 Nbd5 27. Nxd5 Nxd5 28. Bd2 Nb6 29. Rh4 {[#]} Bd5 (29... Be4 $1 $17 {Hoping for ...Rc2+.} 30. Nd4 Bxg2 31. Bxg2 Rxg2) 30. Ng5 $2 (30. Rd4 $1 $15) 30... Bc4 $19 31. Bxc4 Nxc4+ 32. Rxc4 Rxc4 33. Nxe6 Rb7 34. Kb3 Re4 35. a4 {[%cal Ba3a4,Ba4a5][%mdl 32] aiming for Nc5.} Rxe5 36. Nd8 Rd7 37. Nc6 Re4 ({Much weaker is} 37... Rxd2 $6 38. Nxe5 Rxf2 39. Nc6 $11) 38. Bc3 Kf8 ({Black should try} 38... Re6 $17 39. Bb4 Rc7) 39. a5 $11 Rb7 40. b6 axb6 41. a6 Rc7 {[#]} (41... Rd7 $15 42. Bb4+ Kf7) 42. a7 $1 {The position is equal.} Re8 {[#]} 43. Be5 $1 Rxa7 44. Bd6+ Kf7 45. Nxa7 {Threatening Bc7.} Re2 46. Bg3 (46. f4 {seems wilder.} Rxg2 47. Kc4 Ke6 48. Nb5 Rc2+ 49. Kb3) 46... f4 47. Bxf4 {Strongly threatening Be3.} Rxf2 48. g3 Rxf4 49. gxf4 Ke6 50. f5+ Kxf5 51. Nc8 b5 52. Nd6+ Ke5 53. Nxb5 {And White is the lucky defender.  Weighted Error Value: White=0.18/Black=0.16} 1/2-1/2